Statistieken voor Logo Quiz NL

Klik hier om de quiz te nemen!

Algemene statistieken

  • Deze quiz is 946 keer genomen
  • De gemiddelde score is 9 van 10

Antwoordstatistieken

Antwoord% Correct
Netflix
100%
Facebook
99%
Ikea
99%
Pepsi
99%
Spotify
98%
YouTube
98%
ING
96%
Albert heijn/AH
94%
Mercedes
92%
Nintendo
90%
VVD
84%
Louis Vuitton
77%
Kellogs
74%
KLM
72%
ABN-amro/ABN
66%

Scoreverdeling

Percentiel versus Aantal Correcte Antwoorden

Procent van Mensen met Elke Score

Uw Scoregeschiedenis

U heeft deze quiz nog niet genomen